|
|
|
|
| LEADER |
01255cam a2200337 7i4500 |
| 001 |
0000034621 |
| 005 |
20200528090000.0 |
| 007 |
##ta |
| 008 |
170912 |
| 020 |
# |
# |
|a 9789834376727
|
| 040 |
# |
# |
|a MATR
|
| 090 |
0 |
0 |
|a B 923.2595
|b DAY (LRM)
|
| 245 |
0 |
0 |
|a DAYAK WOMEN IN THE HOUSE :
|b Wanita Dayak Pertama Sebagai Timbalan Yang di-Pertua dewan Negara :
|b Wanita Dayak Pertama Sebagai Timbalan Yang di-Pertua dewan Negara :
|b SENATOR DATO' SRI DORIS SOPHIA ANAK BRODIE.
|
| 264 |
# |
1 |
|a Kuala Lumpur:
|b Parlimen Malaysia,
|c 2016.
|
| 300 |
# |
# |
|a 89 pages:
|b colour photographs;
|c 30 cm.
|
| 336 |
# |
# |
|a text
|2 rdacontent
|
| 337 |
# |
# |
|a unmediated
|2 rdamedia
|
| 338 |
# |
# |
|a volume
|2 rdacarrier
|
| 600 |
0 |
0 |
|a Doris Sophia Anak Brodie,
|c Dato' Sri,
|d 1960-
|
| 650 |
# |
0 |
|a Women in politics --
|z Malaysia
|
| 650 |
# |
0 |
|a Government publications --
|z Malaysia
|
| 650 |
# |
0 |
|a Malaysia --
|x Politics and government
|
| 700 |
0 |
# |
|a Awang Alik Jeman
|
| 700 |
0 |
# |
|a Tengku Nasaruddin Tengku Mohamed
|
| 700 |
0 |
# |
|a Johari Junid
|
| 700 |
0 |
# |
|a Jefferi Semail
|
| 700 |
0 |
# |
|a Jamilah Intan Bohari
|
| 700 |
0 |
# |
|a Maizatuazwani Abu Seman
|
| 700 |
0 |
# |
|a Mohd Najib Mohd Yassin
|
| 700 |
0 |
# |
|a Albasya'ari Abdul Latif
|
| 999 |
|
|
|a 0000037676
|b Book
|c Malaysia
|e Business Information Centre
|